00434nam a2200181 a 4500001001300000003000900013005001700022008004100039020001000080082001500090100002200105245001300127260003400140300000800174500003500182650001300217700002200230nice12345678IN_TiNIC20260116015216.0071113s1996 newa grp 000 0 eng  ac10000a294.5bRAT aRatnakar, Pramesh aHinduism aNew DelhibLuster Pressc1996 a90p aincludes index and biblioraphy aHinduism1 aRatnakar, Pramesh